000
00323nam a2200109Ia 4500
008
200302s9999 xx 000 0 und d
100
_a
Dr. M. M. Abid Ali khan and other
245
_a
Global progress in development of sustainable environment
260
_b
Discovery Pubishing House Pvt. Ltd.
260
_c
2017
300
_a
293
999
_c
6880
_d
6880